| 000 | 00571nam a22001937a 4500 | ||
|---|---|---|---|
| 003 | OSt | ||
| 008 | 260430b |||||||| |||| 00| 0 eng d | ||
| 082 |
_a635.648 _bS15R |
||
| 100 | _aSanjeev Kumar | ||
| 245 |
_aResponse of Hybrid Okra (Abelmoschus esculentus (l.) Moench) to Levels of Nitrogen and Crop Geometry / _cby Sanjeev Kumar |
||
| 260 |
_a.- Sabour, Bhagalpur _b: Bihar Agricultural College, RAU _c, 2007 |
||
| 300 | _a58p. | ||
| 502 |
_bPh. D. _d2007 |
||
| 650 | _aHorticulture | ||
| 650 | _aOkra | ||
| 650 | _aThesis | ||
| 650 | _aPh. D. | ||
| 942 |
_2ddc _cT |
||
| 999 |
_c50320 _d50320 |
||